[Event "Ville d'Orsay online Blitz"]
[Site "Europe Echecs INT"]
[Date "2021.02.07"]
[Round "11"]
[White "Ababou, Nessim"]
[Black "Bremaud, Louis"]
[Result "0-1"]
[WhiteElo "2053"]
[BlackElo "1482"]
[PlyCount "108"]
[EventDate "2021.02.07"]
[EventType "swiss (blitz)"]
[EventRounds "11"]
[EventCountry "FRA"]
[SourceTitle "CBM 200 Extra"]
[Source "ChessBase"]
[SourceDate "2021.03.31"]
[SourceVersion "1"]
[SourceVersionDate "2021.03.31"]
[SourceQuality "1"]

1. e4 e5 2. Nf3 Nc6 3. d4 exd4 4. Bc4 Be7 5. 0-0 d6 6. Nxd4 Nxd4 7. Qxd4 Nf6 8. Nc3 0-0 9. Re1 Be6 10. Bxe6 fxe6 11. e5 Ne8 12. exd6 Bxd6 13. Qc4 Qf6 14. Qxe6+ Qxe6 15. Rxe6 Nf6 16. h3 Rae8 17. Rxe8 Rxe8 18. Be3 a6 19. Rd1 Kf7 20. Nd5 Nxd5 21. Rxd5 Re4 22. a3 Rc4 23. Rd2 Re4 24. Kf1 h6 25. Ke2 g5 26. Kf3 Re6 27. c4 Kg6 28. c5 Be5 29. b4 b6 30. Rd5 Bb2 31. a4 Ba3 32. b5 axb5 33. axb5 Rf6+ 34. Ke4 bxc5 35. Bxc5 Bxc5 36. Rxc5 Rxf2 37. Rc6+ Kh5 38. g4+ Kh4 39. Rxh6+ Kg3 40. Rh5 Re2+ 41. Kd5 Rb2 42. Kc6 Rc2+ 43. Kb7 Rc5 44. b6 cxb6 45. Kxb6 Re5 46. Kc6 Kf4 47. Kd6 Re3 48. Kd5 Re1 49. Rh7 Kg3 50. Kd4 Kf4 51. Rf7+ Kg3 52. Rf5 Kh4 53. Rf3 Rh1 54. Ke4 Rxh3 0-1

[Event "Ville d'Orsay online Blitz"]
[Site "Europe Echecs INT"]
[Date "2021.02.07"]
[Round "2"]
[White "Bremaud, Louis"]
[Black "Maillard, Xavier"]
[Result "1-0"]
[WhiteElo "1482"]
[BlackElo "1063"]
[PlyCount "99"]
[EventDate "2021.02.07"]
[EventType "swiss (blitz)"]
[EventRounds "11"]
[EventCountry "FRA"]
[SourceTitle "CBM 200 Extra"]
[Source "ChessBase"]
[SourceDate "2021.03.31"]
[SourceVersion "1"]
[SourceVersionDate "2021.03.31"]
[SourceQuality "1"]

1. e4 Nf6 2. Nc3 d5 3. exd5 Nxd5 4. Nxd5 Qxd5 5. d4 e5 6. Nf3 e4 7. c4 Qd8 8. Ne5 Bd6 9. Bf4 0-0 10. Qd2 f6 11. c5 Bxe5 12. dxe5 Qxd2+ 13. Kxd2 fxe5 14. Bxe5 Rxf2+ 15. Ke3 Rc2 16. Rd1 Rxc5 17. Bd4 Rf5 18. Bc4+ Kf8 19. g4 Rf3+ 20. Kxe4 Rf7 21. Bxf7 Kxf7 22. Rhf1+ Ke7 23. h3 Nc6 24. Bc5+ Ke6 25. Rde1 Ne5 26. Kf4 b6 27. Bd4 Bb7 28. Rxe5+ Kd6 29. Rfe1 Rf8+ 30. Kg3 Rf3+ 31. Kh2 Rd3 32. Bc3 Bd5 33. R5e3 Rxe3 34. Rxe3 c5 35. Re8 a5 36. Bxg7 Bxa2 37. Rb8 Kc6 38. Rh8 c4 39. Rxh7 Kb5 40. Kg3 Ka4 41. Kf2 Kb3 42. Ke3 b5 43. Rh5 Ka4 44. Kd2 b4 45. g5 Kb3 46. g6 c3+ 47. bxc3 Bb1 48. cxb4 axb4 49. Rg5 Be4 50. h4 1-0